| 000 | 00795nam a2200217 a 4500 | ||
|---|---|---|---|
| 005 | 20090821140449.0 | ||
| 008 | 981001s1998 ii b 000 0 eng | ||
| 010 | _aENG-94796 | ||
| 020 |
_c150.00 _a9788190752138 |
||
| 035 | _aEN-78329 | ||
| 037 | _bDBAD / PUB | ||
| 040 |
_adpl _bEnglish |
||
| 082 | _a005.756 | ||
| 100 | _aGovindasamy, R. | ||
| 245 |
_aUnderstanding SQL / _cby R. Govindasamy |
||
| 260 |
_aTamil Nadu _bGuna Puthaga Nilayam _c2008 |
||
| 270 |
_a90, Mudangiaru Road, Rajapalaiyam _bTamil Nadu _e626117 |
||
| 300 |
_a136p. _c21cm(pbk) |
||
| 942 |
_2ddc _cEN _mGOV _h005.756 |
||
| 999 |
_c29394 _d29394 |
||